000 00610nam a2200229Ia 4500
001 52534
005 20240114005309.0
007 ta
008 100814s2009 g b000 u u
040 _aCotton College,Assam
082 _a891.49309 B
_bBr 73 Bo
100 _aBrahma, Anil Kumar .
245 0 _aBoro Sungdo Soloni Bithun /
_cAnil Kumar Brahma.
_hTextual Documents
260 _aGuwahati :
_bN L Publication ,
_c2009.
653 _aBodo short stories
653 _aD-Bodo
653 _aG-Bodo
942 _2ddc
_cBK
999 _c52498
_d52498